| 000 | 00453nam a2200121Ia 4500 | ||
|---|---|---|---|
| 008 | 220216s9999 xx 000 0 und d | ||
| 100 | _aKpolo D M | ||
| 245 | 0 | _aIntegrated management of rubber plantations in Africa | |
| 260 |
_bIn: Proceedings of the International Forum on Investment Opportunities in the Rubber Wood Industry, 20-22 September 1993, Kuala Lumpur, Malaysia, pp.151-160. _c1993 |
||
| 650 | _aAfrica | ||
| 650 | _aRubberwood | ||
| 942 | _cBO | ||
| 999 |
_c48211 _d48211 |
||